000 00590nam a2200229Ia 4500
003 OSt
005 20220928111317.0
006 a|||||r|||| 00| 0
007 ta
008 220927b |||||||| |||| 00| 0 eng d
024 _a29013
037 _cTextual
040 _aSDCL
_cSDCL
_beng
041 _2eng
_aeng
082 _aV2y7N27x, L7
100 _aChandra Shekhar
_9402076
245 0 _aMeri jail dairy.
260 _aNew Delhi
_bSaraswati Vihar
_c1977
300 _a726p
_ccm.
942 _hV2y7N27x, L7
_cTEXL
_2CC
999 _c739605
_d739605